000 02615nam a22002297a 4500
001 6627
003 FISKH
005 20250519104427.0
008 250516b cb ||||| |||| 00| 0 eng d
040 _aFISKH
_bkhr
_cFISKH
_dFISKH
082 _a895.9323
100 _aSamnang, Mao
245 _aកងចក្រជីវិត :
_bប្រលោមលោកមនោសញ្ចេតនា​/
_cអ្នកស្រី ម៉ៅ សំណាង សមាជិកា សមាគមអ្នកនិពន្ធខ្មែរ​
260 _aភ្នំពេញ :
_bបណ្ណាល័យ សុរិយារង្សី ,
_c២០០៨ .
300 _a149 pages :
_billustrations ;
_c21 cm .
520 _aរឿង "កងចក្រជីវិត" ដែលសរសេរដោយ អ្នកស្រី ម៉ៅ សំណាង គឺជារឿងរ៉ាវដែលផ្តោតលើជីវិតរបស់ស្ត្រីម្នាក់ម្នាក់ម្នាក់ម្នីម្នាក់ដែលប្រឈមមុខនឹងភាពតស៊ូ និងការរឹតត្បិតនៅក្នុងសង្គម។ នាងប្រឈមមុខនឹងការលំបាកច្រើនទាំងផ្នែកគ្រួសារ និងសង្គម តែដោយក្តីប៉ុន្តែ និងការខិតខំប្រឹងប្រែង នាងបានឈានដល់ជោគជ័យ និងទទួលបានក្តីសុខសាន្ត។ រឿងនេះផ្តល់សម័យសម្រាប់ការពិចារណាអំពីអំពើឧត្តមភាពនៃមនុស្សឲ្យយើងយល់ដឹងពីតម្លៃនៃការខិតខំប្រឹងប្រែង និងការរីកចម្រើនក្នុងជីវិត
520 _aThe story "Kang Chakra Chevit" written by Mrs. Mao Samnang is a narrative that focuses on the life of a woman who faces struggles and hardships within society. She encounters many difficulties in both family and social aspects, but through perseverance and hard work, she manages to achieve success and happiness. This story serves as a reflection on human resilience, helping us understand the value of determination and progress in life.
650 _aកងចក្រជីវិត
_vប្រលោមលោកមនោសញ្ចេតនា​
650 _aKorng chak ji vit
_vRomantic Literature
942 _2ddc
_cKHB
_n0
999 _c6627
_d6627